Datum a čas kvízu
29.5
Celkem bodů
Celkový počet nahraných bodů na tomto kvízu bez doplňovacích otázek.
10.
Pořadí na kvízu
Konečné umístění týmu na tomto kvízu.
Zaznamenané odpovědi
| # | Otázka | Odpověď | Body | Výsledky |
|---|---|---|---|---|
| 1. | Ředitel gymnázia Zdeněk Bergma... | 0 | ||
| 2. | Po kterém ruském umělci je poj... | 0 | ||
| 3. | Vrcholem popularity této zpěva... | 1 | ||
| 4. | Stovky lidí čekaly po tři dny... | 1 | ||
| 5. | Jak se jmenuje útočník, jenž v... | 0 | ||
| 6. | V různých seriálech se objevil... | 1 | ||
| 7. | Napište jména herců, kteří ztv... | 1 | ||
| 8. | Walter White a Jesse Pinkman.... | 1 | ||
| 9. | Excentrický sedmdesátiletý věd... | 1 | ||
| 10. | A nakonec dvojice z českých ve... | 0 |